书目信息 |
| 题名: |
西方美学史
|
|
| 作者: | 朱光潜 著 | |
| 分册: | 上 | |
| 出版信息: | 北京 作家出版社 2019.01 |
|
| 页数: | 361页 | |
| 开本: | 22cm | |
| 丛书名: | 作家经典文库 | |
| 单 册: | ||
| 中图分类: | B83-095 | |
| 科图分类: | ||
| 主题词: | 美学史--mei xue shi--西方国家 | |
| 电子资源: | ||
| ISBN: | 978-7-5212-0062-1 | |
| 000 | 00933nam 2200265 450 | |
| 001 | 012000015682 | |
| 005 | 20201009150355.0 | |
| 010 | @a978-7-5212-0062-1@b精装@dCNY49.00 | |
| 100 | @a20190123d2019 em y0chiy50 ea | |
| 101 | 0 | @achi |
| 102 | @aCN@b110000 | |
| 105 | @ay a 000yy | |
| 106 | @ar | |
| 200 | 1 | @a西方美学史@Axi fang mei xue shi@h上@f朱光潜著 |
| 210 | @a北京@c作家出版社@d2019.01 | |
| 215 | @a361页@d22cm | |
| 225 | 2 | @a作家经典文库@Azuo jia jing dian wen ku |
| 320 | @a有书目 | |
| 330 | @a本书以历史上先后出现的美学大师和美学流派为经, 以美的本质、形象思维、典型人物、浪漫主义和现实主义等问题为纬, 详细介绍了从古希腊柏拉图、亚里士多德直到20世纪克罗齐等西方美学流派与美学大家的思想。 | |
| 410 | 0 | @12001 @a作家经典文库 |
| 606 | 0 | @a美学史@Amei xue shi@x西方国家 |
| 690 | @aB83-095@v5 | |
| 701 | 0 | @a朱光潜@Azhu guang qian@4著 |
| 801 | 0 | @aCN@c20201009 |
| 905 | @a河南城建学院图书馆@dB83-095@eZ845:1@f2 | |
| 西方美学史.上/朱光潜著.-北京:作家出版社,2019.01 |
| 361页;22cm.-(作家经典文库) |
| ISBN 978-7-5212-0062-1(精装):CNY49.00 |
| 本书以历史上先后出现的美学大师和美学流派为经, 以美的本质、形象思维、典型人物、浪漫主义和现实主义等问题为纬, 详细介绍了从古希腊柏拉图、亚里士多德直到20世纪克罗齐等西方美学流派与美学大家的思想。 |
| ● |
| 相关链接 |
|
|
|
正题名:西方美学史
索取号:B83-095/Z845:1
 
预约/预借
| 序号 | 登录号 | 条形码 | 馆藏地/架位号 | 状态 | 备注 |
| 1 | 1494799 | 214947995 | 社科库509/509社科库 33排2列5层/ [索取号:B83-095/Z845:1] | 在馆 | |
| 2 | 1494800 | 214948002 | 社科库509/509社科库 33排2列5层/ [索取号:B83-095/Z845:1] | 在馆 |